[Event "Muenster op-A 39th"]
[Site "Muenster"]
[Date "2022.10.05"]
[Round "6"]
[White "Holtel, Jasper"]
[Black "Gasper, Joern"]
[Result "1-0"]
[WhiteElo "2413"]
[BlackElo "2057"]
[PlyCount "115"]
[EventDate "2022.10.01"]
[EventType "swiss"]
[EventRounds "9"]
[EventCountry "GER"]
[SourceTitle "EXT 2023"]
[Source "ChessBase"]
[SourceDate "2022.10.05"]
[SourceVersion "1"]
[SourceVersionDate "2022.10.05"]
[SourceQuality "1"]

1. Nf3 Nf6 2. g3 b5 3. Bg2 Bb7 4. Na3 a6 5. c4 e6 6. cxb5 Bxa3 7. bxa6 Rxa6 8. bxa3 c5 9. 0-0 0-0 10. Qc2 d6 11. Bb2 Nbd7 12. d3 Qa8 13. Rfb1 Rc8 14. Ne1 d5 15. Bxf6 Nxf6 16. Rb5 Nd7 17. Qb2 Bc6 18. Rb3 Ba4 19. Rc3 Qa7 20. Qd2 Bc6 21. Nc2 Ba4 22. Nb4 Ra5 23. d4 c4 24. e4 Nf6 25. exd5 exd5 26. Re1 Bd7 27. Qf4 Be6 28. Ree3 h6 29. Bf3 Qd7 30. h4 Ne8 31. Re5 Rca8 32. g4 Nc7 33. g5 hxg5 34. Rxg5 Rxa3 35. Rxa3 Rxa3 36. Kg2 Ra5 37. h5 Ne8 38. Qd2 f6 39. Rg3 Rb5 40. Bd1 Rb6 41. a3 Nd6 42. Bc2 Kh8 43. Qf4 Nf7 44. Bg6 Nh6 45. Re3 Bf7 46. Qf3 Be6 47. Re1 Rd6 48. Qe3 Nf5 49. Qf4 Nh6 50. Kg1 Rb6 51. Qe3 Ng4 52. Qf3 Nh6 53. Qf4 Qd6 54. Qxd6 Rxd6 55. a4 Bf7 56. a5 Rd7 57. a6 Kg8 58. Nc6 1-0

[Event "Ruhrgebiet Verbandsklasse Gruppe 3 1819"]
[Site "Nordrheinwestfalen"]
[Date "2019.05.05"]
[Round "9.1"]
[White "Fiebig, Thomas"]
[Black "Gasper, Joern"]
[Result "1-0"]
[WhiteElo "2412"]
[BlackElo "2060"]
[PlyCount "83"]
[EventDate "2018.09.23"]
[EventType "team-tourn"]
[EventRounds "9"]
[EventCountry "GER"]
[SourceTitle "EXT 2022"]
[Source "ChessBase"]
[SourceDate "2021.10.06"]
[SourceVersion "1"]
[SourceVersionDate "2021.10.06"]
[SourceQuality "1"]
[WhiteTeam "Brackel SF IV"]
[BlackTeam "Waltrop SV"]
[WhiteTeamCountry "GER"]
[BlackTeamCountry "GER"]

1. e4 e5 2. Nf3 Nc6 3. Nc3 Nf6 4. d4 exd4 5. Nxd4 Bb4 6. Nxc6 bxc6 7. Bd3 d5 8. exd5 0-0 9. 0-0 Bg4 10. Be2 Bxe2 11. Nxe2 cxd5 12. Bg5 h6 13. Bxf6 Qxf6 14. c3 Bd6 15. Qxd5 Rad8 16. Qc4 Rfe8 17. Rad1 Qe7 18. Ng3 Bxg3 19. hxg3 Rxd1 20. Rxd1 Qe2 21. Qxe2 Rxe2 22. Rd8+ Kh7 23. Rb8 Re1+ 24. Kh2 Ra1 25. a3 f5 26. Rb7 Rb1 27. f3 h5 28. f4 a6 29. c4 Rc1 30. Rxc7 Rc2 31. b3 Ra2 32. a4 Rb2 33. Rb7 a5 34. c5 Rc2 35. Rb5 Rc3 36. c6 Kg6 37. Rxa5 Rxc6 38. b4 Rc1 39. b5 Rb1 40. Ra6+ Kf7 41. b6 g6 42. a5 1-0

[Event "Ruhrgebiet Verbandsklasse Gruppe 3 1819"]
[Site "Nordrheinwestfalen"]
[Date "2018.11.04"]
[Round "3.1"]
[White "Gasper, Joern"]
[Black "Kunisch, Siegfried"]
[Result "1-0"]
[WhiteElo "2033"]
[BlackElo "2041"]
[PlyCount "39"]
[EventDate "2018.09.23"]
[EventType "team-tourn"]
[EventRounds "9"]
[EventCountry "GER"]
[SourceTitle "EXT 2022"]
[Source "ChessBase"]
[SourceDate "2021.10.06"]
[SourceVersion "1"]
[SourceVersionDate "2021.10.06"]
[SourceQuality "1"]
[WhiteTeam "Waltrop SV"]
[BlackTeam "Essen Listiger Bauer"]
[WhiteTeamCountry "GER"]
[BlackTeamCountry "GER"]

1. d4 Nf6 2. Bf4 d5 3. e3 e6 4. Nf3 Be7 5. Bd3 b6 6. c3 0-0 7. Nbd2 Ba6 8. Bc2 c5 9. Ne5 Qc8 10. h4 Nbd7 11. Ndf3 Nxe5 12. dxe5 Ne4 13. Ng5 Qc6 14. Qh5 h6 15. Nxe4 dxe4 16. Bxh6 f5 17. Bxg7 Kxg7 18. Rh3 Qb5 19. Rg3+ Bg5 20. Rxg5# 1-0

[Event "Ruhrgebiet Verbandsklasse Gruppe 1 1718"]
[Site "Germany"]
[Date "2017.09.17"]
[Round "1.1"]
[White "Mittmann, Volker"]
[Black "Gasper, Joern"]
[Result "1/2-1/2"]
[WhiteElo "1914"]
[BlackElo "2013"]
[PlyCount "75"]
[EventDate "2017.09.17"]
[EventType "team-tourn"]
[EventRounds "9"]
[EventCountry "GER"]
[SourceTitle "EXT 2022"]
[Source "ChessBase"]
[SourceDate "2021.10.06"]
[SourceVersion "1"]
[SourceVersionDate "2021.10.06"]
[SourceQuality "1"]
[WhiteTeam "Drewer SG"]
[BlackTeam "Waltrop SV"]
[WhiteTeamCountry "GER"]
[BlackTeamCountry "GER"]

1. Nf3 d5 2. d4 c5 3. e3 Nc6 4. b3 cxd4 5. exd4 Bf5 6. Bd3 Bxd3 7. Qxd3 e6 8. 0-0 Bd6 9. Re1 Nge7 10. c4 dxc4 11. bxc4 0-0 12. Nc3 Rc8 13. c5 Bb8 14. Be3 Nb4 15. Qb1 Nbd5 16. Ne4 b6 17. g3 h6 18. Qb3 Nxe3 19. Rxe3 Qd5 20. cxb6 Nf5 21. bxa7 Bxa7 22. Ree1 Bxd4 23. Rad1 Qxb3 24. axb3 Bb6 25. Rd7 Rfd8 26. Red1 Kf8 27. Rxd8+ Bxd8 28. Ne5 Bf6 29. Nd7+ Ke7 30. Ndxf6 gxf6 31. b4 Rb8 32. Rb1 Nd4 33. Kf1 Nc2 34. b5 Na3 35. Rb3 Nc2 36. Rb2 Na3 37. Rb3 Nc2 38. Rb2 1/2-1/2

[Event "Ruhrgebiet Verbandsklasse Gruppe 2 1617"]
[Site "Germany"]
[Date "2017.04.30"]
[Round "9.4"]
[White "Dorgarten, Armin"]
[Black "Gasper, Joern"]
[Result "1/2-1/2"]
[WhiteElo "1965"]
[BlackElo "2001"]
[PlyCount "115"]
[EventDate "2016.09.04"]
[EventType "team-tourn"]
[EventRounds "9"]
[EventCountry "GER"]
[SourceTitle "EXT 2022"]
[Source "ChessBase"]
[SourceDate "2021.10.06"]
[SourceVersion "1"]
[SourceVersionDate "2021.10.06"]
[SourceQuality "1"]
[WhiteTeam "Ruettenscheid Rochade"]
[BlackTeam "Waltrop SV"]
[WhiteTeamCountry "GER"]
[BlackTeamCountry "GER"]

1. d4 d5 2. Bf4 Nf6 3. e3 e6 4. Nf3 c5 5. Nbd2 Bd6 6. Bg3 0-0 7. c3 b6 8. Ne5 Bb7 9. Bd3 Nc6 10. f4 Ne7 11. Qb1 g6 12. 0-0 Nf5 13. Bf2 cxd4 14. exd4 Ne8 15. g3 Rc8 16. Qd1 Nh6 17. Qe2 Rc7 18. Kg2 Bc8 19. Rae1 f5 20. Ndf3 Nf6 21. Rh1 Ne4 22. Be3 Nf7 23. h4 Bxe5 24. dxe5 h5 25. Bd4 Bb7 26. Rc1 Qe7 27. b4 Rfc8 28. Qb2 Qd7 29. Rc2 Qa4 30. Rhc1 b5 31. Nd2 Nxd2 32. Rxd2 Bc6 33. Be2 Kh7 34. Bd1 Qa6 35. Ra1 Qb7 36. a4 a6 37. a5 Be8 38. Bf3 Bc6 39. Rd3 Rd7 40. Qe2 Kh6 41. Kf2 Rh8 42. Rg1 Kg7 43. g4 hxg4 44. Bxg4 Rxh4 45. Bxf5 Rh2+ 46. Rg2 Rxg2+ 47. Kxg2 gxf5 48. Qh5 Re7 49. Rg3+ Kf8 50. Kf2 Ke8 51. Bc5 Kd8 52. Rg8+ Be8 53. Qh4 Qd7 54. Ke3 Qb7 55. Kd4 Qd7 56. Qf6 Qb7 57. Rf8 Qd7 58. Qh4 1/2-1/2

[Event "Ruhrgebiet Verbandsklasse Gruppe 2 1617"]
[Site "Germany"]
[Date "2017.03.12"]
[Round "8.4"]
[White "Gasper, Joern"]
[Black "Morgenroth, Hubertus"]
[Result "1-0"]
[WhiteElo "1932"]
[BlackElo "1726"]
[PlyCount "53"]
[EventDate "2016.09.04"]
[EventType "team-tourn"]
[EventRounds "9"]
[EventCountry "GER"]
[SourceTitle "EXT 2022"]
[Source "ChessBase"]
[SourceDate "2021.10.06"]
[SourceVersion "1"]
[SourceVersionDate "2021.10.06"]
[SourceQuality "1"]
[WhiteTeam "Waltrop SV"]
[BlackTeam "Schueren"]
[WhiteTeamCountry "GER"]
[BlackTeamCountry "GER"]

1. e4 e5 2. Nf3 Nc6 3. Bc4 Bc5 4. 0-0 Nf6 5. d3 h6 6. c3 d6 7. Nbd2 0-0 8. Re1 Bg4 9. h3 Bh5 10. Nf1 Na5 11. Bb5 a6 12. Ba4 b5 13. Bc2 Nc6 14. Ng3 Bg6 15. Bb3 Bh7 16. Nh2 d5 17. exd5 Nxd5 18. Qf3 Nde7 19. Ne4 Bb6 20. Ng4 Bg6 21. Bxh6 gxh6 22. Nxh6+ Kg7 23. Nxf7 Bxf7 24. Qf6+ Kg8 25. Qg5+ Ng6 26. Qxg6+ Kh8 27. Qh6+ 1-0

[Event "Ruhrgebiet Verbandsklasse Gruppe 2 1617"]
[Site "Germany"]
[Date "2017.02.19"]
[Round "7.4"]
[White "Herrmann, Uwe"]
[Black "Gasper, Joern"]
[Result "0-1"]
[WhiteElo "1923"]
[BlackElo "1932"]
[PlyCount "60"]
[EventDate "2016.09.04"]
[EventType "team-tourn"]
[EventRounds "9"]
[EventCountry "GER"]
[SourceTitle "EXT 2022"]
[Source "ChessBase"]
[SourceDate "2021.10.06"]
[SourceVersion "1"]
[SourceVersionDate "2021.10.06"]
[SourceQuality "1"]
[WhiteTeam "Annen Sport Union"]
[BlackTeam "Waltrop SV"]
[WhiteTeamCountry "GER"]
[BlackTeamCountry "GER"]

1. d4 d5 2. Nf3 e6 3. c4 c5 4. Nc3 Nf6 5. Bg5 cxd4 6. Nxd4 e5 7. Nf3 d4 8. Nd5 Be7 9. Nxe7 Qxe7 10. g3 Nc6 11. b3 0-0 12. Bg2 h6 13. Bxf6 Qxf6 14. 0-0 Bg4 15. h3 Bh5 16. Nh4 Rfe8 17. Be4 Rad8 18. Qd3 g5 19. Nf5 g4 20. Qd2 gxh3 21. g4 Bg6 22. Qxh6 Qh8 23. Qxh8+ Kxh8 24. Kh2 Ne7 25. Kxh3 Bxf5 26. gxf5 b6 27. Rh1 Kg7 28. Rag1+ Kf6 29. Rg3 Nxf5 30. Rf3 Rh8+ 0-1

[Event "Ruhrgebiet VK1 1213"]
[Site "Nordrheinwestfalen"]
[Date "2013.01.13"]
[Round "1.8"]
[White "Semina, Svetlana"]
[Black "Gasper, Joern"]
[Result "1-0"]
[WhiteElo "2118"]
[BlackElo "1512"]
[PlyCount "57"]
[EventDate "2012.09.02"]
[EventType "team-tourn"]
[EventRounds "9"]
[EventCountry "GER"]
[SourceTitle "EXT 2020"]
[Source "ChessBase"]
[SourceDate "2019.10.17"]
[SourceVersion "1"]
[SourceVersionDate "2019.10.17"]
[SourceQuality "1"]
[WhiteTeam "Buer Hassel"]
[BlackTeam "Waltrop SV"]
[WhiteTeamCountry "GER"]
[BlackTeamCountry "GER"]

1. e4 e5 2. Nf3 Nc6 3. Bc4 Bc5 4. c3 Nf6 5. Qe2 d6 6. d3 Be6 7. Nbd2 Qd7 8. Bb5 a6 9. Ba4 b5 10. Bc2 0-0 11. 0-0 Bg4 12. Nb3 Bb6 13. Be3 Rac8 14. Rad1 Rfe8 15. h3 Bh5 16. Rfe1 d5 17. Bg5 dxe4 18. dxe4 Qe7 19. Nbd2 Red8 20. a4 Na7 21. Nf1 c5 22. Ne3 Rxd1 23. Rxd1 Qe6 24. Bxf6 Qxf6 25. g4 Bg6 26. Nd5 Qd8 27. Nxe5 f6 28. Nxg6 hxg6 29. e5 1-0